LEADER 01613nam0 22003853i 450 001 VAN00302812 005 20260305104812.538 010 $a978-33-19-90283-8 017 70$2N$a9783319902845 100 $a20260305d2018 |0itac50 ba 101 $aeng 102 $aCH 105 $a|||| ||||| 181 $ai$b e 182 $ab 183 $acr 200 1 $aVoltage-gated Sodium Channels: Structure, Function and Channelopathies$fMohamed Chahine editor 210 $aCham$cSpringer$d2018 215 $aX, 450 p.$cill.$d24 cm 410 1$1001VAN00271316$12001 $aHandbook of Experimental Pharmacology$1210 $aCham$cSpringer$d1957-$v246 620 $aCH$dCham$3VANL001889 676 $a576.5$cGenetica$v22 676 $a612$cFisiologia umana$v22 676 $a615.1$cFarmacologia. Farmaci. Farmacia$v22 676 $a615.9$cTossicologia$v22 702 1$aChahine$bMohamed$3VANV257399 712 $aSpringer $3VANV108073$4650 801 $aIT$bSOL$c20260306$gRICA 856 4 $uhttps://link.springer.com/openurl?genre=book&isbn=978-3-319-90284-5$zE-book - Accesso al full-text attraverso riconoscimento IP di Ateneo, proxy e/o Shibboleth 899 $aBIBLIOTECA DEL DIPARTIMENTO DI SCIENZE E TECNOLOGIE AMBIENTALI BIOLOGICHE E FARMACEUTICHE$1IT-CE0101$2VAN17 912 $fN 912 $aVAN00302812 950 $aBIBLIOTECA DEL DIPARTIMENTO DI SCIENZE E TECNOLOGIE AMBIENTALI BIOLOGICHE E FARMACEUTICHE$d17CONS e-book 2406 $e17BIB2406/168 168 20260305 996 $aVoltage gated sodium channels$91078369 997 $aUNICAMPANIA